LIBRARY & INFORMATION CENTRE, KCAET, TAVANUR

ONLINE PUBLIC ACCESS CATALOGUE (OPAC)

Choondakkaran / (Record no. 951)

MARC details
000 -LEADER
fixed length control field 00358cam a2200145ua 4500
041 ## - LANGUAGE CODE
Language code of text/sound track or separate title mal
082 ## - DEWEY DECIMAL CLASSIFICATION NUMBER
Classification number 894.812301
Item number DAM/CH
100 ## - MAIN ENTRY--AUTHOR NAME
Personal name Damodaran, P.S .
245 ## - TITLE STATEMENT
Title Choondakkaran /
260 ## - PUBLICATION, DISTRIBUTION, ETC. (IMPRINT)
Place of publication Cochi :
Name of publisher Prakasam publishing house ,
Year of publication 1950.
300 ## - PHYSICAL DESCRIPTION
Number of Pages 93 ; .
942 ## - ADDED ENTRY ELEMENTS (KOHA)
Koha item type Books
Holdings
Withdrawn status Lost status Damaged status Home library Current library Date acquired Full call number Accession Number Koha item type
      KAUAET KAUAET 07/04/2012 894.812301 1398 Books
free website counter